000 00327nam a22001457a 4500
008 221117b ||||| |||| 00| 0 eng d
020 _a9780321639288
041 _aeng
080 _29TH EDITION
_a51
082 _a51ANG
100 _a22.2
101 _aMATE
245 _aA SURVEY OF MATHEMATICS
_cANGEL
942 _2udc
_cBK
999 _c58935
_d58935